| 000 | 01066cam a2200313 i 4500 | ||
|---|---|---|---|
| 001 | 4200444 | ||
| 003 | ARRUPE | ||
| 005 | 20140121140040.0 | ||
| 008 | 800721s1979 enk 001 0 eng | ||
| 010 | _a 80488253 | ||
| 015 | _aGB*** | ||
| 020 |
_a019283021X (pbk.) : _c£2.95 |
||
| 020 | _a0198246277 | ||
| 040 |
_aDLC _cDLC _dDLC _dOCoLC _dDLC |
||
| 050 | 0 | 0 |
_aB1618 _b.A8 1979 |
| 082 | 0 | 0 |
_a192 _219 |
| 100 | 1 |
_aAustin, J. L. _q(John Langshaw), _d1911-1960. _96816 |
|
| 245 | 1 | 0 |
_aPhilosophical papers / _cJ. L. Austin. |
| 250 |
_a3d ed. / _bedited by J. O. Urmson and G. J. Warnock. |
||
| 260 |
_aOxford [Eng.] ; _aNew York : _bOxford University Press, _c1979. |
||
| 300 |
_avii, 306 p. ; _c20 cm. |
||
| 500 | _aIncludes index. | ||
| 650 | 0 |
_aPhilosophy. _96817 |
|
| 700 | 1 |
_aUrmson, J. O., _eed. _96818 |
|
| 700 | 1 |
_aWarnock, G. J. _q(Geoffrey James), _d1923- _eed. _96819 |
|
| 856 | 4 | 2 |
_3Publisher description _uhttp://www.loc.gov/catdir/enhancements/fy0604/80488253-d.html |
| 906 |
_a7 _bcbc _corignew _d2 _encip _f19 _gy-gencatlg |
||
| 942 |
_2lcc _cMONOGRAPH |
||
| 999 |
_c119614 _d119614 |
||